kku e-library facility

Theories of Crime and Hacking (Record no. 112)

MARC details
000 -LEADER
fixed length control field 00357nam a22001337a 4500
005 - DATE AND TIME OF LATEST TRANSACTION
control field 20260115102724.0
008 - FIXED-LENGTH DATA ELEMENTS--GENERAL INFORMATION
fixed length control field 260114b |||||||| |||| 00| 0 eng d
020 ## - INTERNATIONAL STANDARD BOOK NUMBER
International Standard Book Number 9789390780716
100 ## - MAIN ENTRY--PERSONAL NAME
Personal name Rekha
245 ## - TITLE STATEMENT
Title Theories of Crime and Hacking
Statement of responsibility, etc. /Rekha
260 ## - PUBLICATION, DISTRIBUTION, ETC.
Place of publication, distribution, etc. New Delhi:
Name of publisher, distributor, etc. Random Publications;
Date of publication, distribution, etc. 2022.
300 ## - PHYSICAL DESCRIPTION
Dimensions viii,311p.
Extent 24cm.
942 ## - ADDED ENTRY ELEMENTS (KOHA)
Source of classification or shelving scheme Library of Congress Classification
Koha item type Books
Suppress in OPAC No

No items available.

©2025 All rights reserved. KKU